000 00656nam a2200205 4500
001 119618
003 ES-MaACL
005 20251120063141.0
007 t|
008 070214s1966 mx r ||||1| spa d
100 1 _aPérez de Montalbán, Juan,
_d1602-1638
_990793
245 1 0 _aFama póstuma de Lope de Vega /
_cJuan Pérez de Montalbán.
260 _aMéxico :
_bRafael Peregina,
_c1966.
300 _a49 p. con 4 lám. ;
_c18 cm.
490 1 _aColección temas teatrales
830 0 _aColección temas teatrales
_9218613
852 _aES-MaACL
_jC-30575
_bR.70070
852 _aES-MaACL
_jC-30576
_bR.70069
999 _c119618
_d119618